000 00515nam a2200193Ia 4500
005 20250508163912.0
008 008 250505s9999 xx 000 0 eng d
020 _a81-7541-080-9
037 _aTextual
040 _aFEDL
_beng
_cFEDL
041 _aeng
_2eng
084 _a362.4, SIN
_qFEDL
100 _aA.N. Singh
245 0 _aEnabling the differently able
260 _aDelhi, India
_bShipra Publishers
_c2001
300 _a220p.
942 _cTEXL
_h362.4, SIN
999 _c1385872
_d1385872